Harrison Ford Movies: Multiple Choice - Statistics

General Stats
  • This quiz has been taken 1,134 times
  • The average score is 11 of 15
Answer Stats
Question Answer % Correct
Which one? Raiders of the Lost Ark
97%
Which one? Air Force One
95%
Which one? The Fugitive
93%
Which one? The Empire Strikes Back
92%
Which one? Blade Runner 2049
88%
Which one? Patriot Games
86%
Which one? Witness
86%
Which one? Clear and Present Danger
81%
Which one? The Mosquito Coast
71%
Which one? Ender's Game
64%
Which one? Cowboys & Aliens
63%
Which one? Six Days, Seven Nights
61%
Which one? American Graffiti
53%
Which one? 42
47%
Which one? Apocalypse Now
25%
No matching quizzes found
Score Distribution
Percent of People with Each Score
Percentile by Number Answered
Your Score History
You have not taken this quiz